鉄道車両の形式(JR東日本) - Statistics

General Stats
  • This quiz has been taken 126 times
  • The average score is 14 of 20
Answer Stats
Picture Answer % Correct
E4系
94%
209系(1000番台)
93%
E235系
93%
E217系
91%
185系
89%
E231系
89%
205系(5000番台)
88%
209系(0番台)
88%
E531系
88%
209系(500番台)
87%
205系(3100番台)
85%
E231系(500番台)
85%
E233系
85%
E331系
85%
E6系
84%
E3系
83%
E501系
83%
211系
82%
201系
81%
キハ40系
81%
E259系
81%
E231系(0番台)
80%
E231系(800番台)
80%
103系
78%
215系
77%
205系(600番台)
76%
701系
76%
113系
74%
203系
73%
115系
71%
651系
71%
E129系
71%
189系
69%
205系(500番台)
68%
E653系
67%
E127系(0番台)
65%
415系(0番台)
64%
415系(1500番台)
61%
E001形
60%
E127系(100番台)
55%
107系
48%
GV-E400系
45%
123系
37%
HB-E300系
32%
キハ38形
31%
EV-E801系
22%
HB-E210系
22%
EV-E301系
21%
No matching quizzes found
Score Distribution
Percent of People with Each Score
Percentile by Number Answered
Your Score History
You have not taken this quiz